| 000 | 01175nam a2200277 a 4500 | ||
|---|---|---|---|
| 001 | 000033565 | ||
| 003 | DO-SdBNP | ||
| 005 | 20250307073710.0 | ||
| 008 | 110831s1910 dr 000 0 spa d | ||
| 040 |
_aDO-SdBNP _bspa _cBNPHU |
||
| 082 | 4 |
_aM860.8 _bA634c _222 |
|
| 245 | 0 | 0 |
_aAntología del centenario : _bestudio documentado de la literatura mexicana durante el primer siglo de independencia / _cobra compilada bajo la dirección del maestro Justo Sierra ; por Luis G. Urbina, Pedro Henríquez Ureña, y Nicolás Rangel. |
| 260 |
_aMéxico : _bImp. De León Sánchez, _c1910. |
||
| 300 |
_a416 p. ; _c23 cm. |
||
| 500 | _aIncluye referencias bibliográficas y notas al pie de las páginas | ||
| 505 | 0 |
_gv.1., t.1 _t1800-1821 |
|
| 590 | _aInventariado, 2019/VM | ||
| 650 | 4 |
_aLiteratura mexicana _91922 |
|
| 650 | 4 |
_aLiteratura mexicana _xHistoria y crítica _99844 |
|
| 700 | 1 |
_aSierra, Justo _959061 |
|
| 700 | 1 |
_aUrbina, Luis G., _q(Luis Gonzaga) _d1864-1934 _ecomp. _959062 |
|
| 700 | 1 |
_aHenríquez Ureña, Pedro, _d1884-1946 _ecomp. _91718 |
|
| 700 | 1 |
_aRangel, Nicolás, _d1864- _ecomp. _959063 |
|
| 910 | _aValidado. Control de calidad MFF | ||
| 942 |
_2ddc _cLBS1 |
||
| 999 |
_c33056 _d33056 |
||